| 000 | 00686nam a2200217Ia 4500 | ||
|---|---|---|---|
| 005 | 20220222154037.0 | ||
| 008 | 210716s2008 xx 000 0 und d | ||
| 020 | _a9788174466839 | ||
| 040 | _cAIMIT LIBRARY | ||
| 041 | _aeng | ||
| 082 |
_a174.9658 _21 _bRAND |
||
| 100 |
_aRani, D Geeta. _921473 |
||
| 245 |
_aCorporate governance: _btheory and practice / _cD. Geeta Rani and R. K. Mishra. |
||
| 250 | _a1st ed. | ||
| 260 |
_aNew Delhi : _bExcel Books , _c2008. |
||
| 300 |
_axi,239p. ; _c24 cm. |
||
| 650 |
_aCorporate Finance. _921474 |
||
| 650 |
_aCorporate Governance Committees and Reports. _921507 |
||
| 700 |
_aMishra, R K. _921508 |
||
| 942 |
_2ddc _cBK _e1st _k174.9658 RAND |
||
| 999 |
_c204858 _d204858 |
||